Pokémons ne dépassant pas 50 dans les statistiques de base - Statistiques

Statistiques générales
  • Ce quiz a été pris 38 fois
  • Le résultat moyen est 17 sur 27
Statistiques - réponses
Type de quiz Réponse % Correct
Insecte Chenipan
100%
Insecte / Poison Aspicot
93%
Insecte / Poison Coconfort
86%
Sol / Glace Marcacrin
76%
Insecte Chenipotte
72%
Insecte / Glace Frissonille
72%
Plante / Eau Nénupiot
72%
Psy / Fée Tarsal
72%
Plante Grainipiot
69%
Combat Débugant
66%
Insecte Lépidonille
66%
Glace Stalgamin
62%
Normal / Fée Azurill
59%
Insecte Crikzik
59%
Normal Fouinette
59%
Plante Tournegrin
59%
Insecte Cheniti
55%
Normal Métamorph
55%
Feu Charbambin
52%
Eau Froussardine
52%
Insecte Larvadar
52%
Normal Skitty
52%
Roche Charbi
48%
Plante Croquine
48%
Insecte Lilliterelle
48%
Insecte Tissenboule
45%
Psy Cosmog
41%
Aucun quiz correspondant
Distribution des résultats
% des personnes avec chaque résultat
Percentile par nombre de réponses
Votre historique - résultats
Vous n’avez pas pris ce quiz